000 00442nam a2200181Ia 4500
001 23058
005 20260414150912.0
008 260414t2009||||xx |||||||||||||| ||spa||
041 _aESP
082 _a624.1821
_bS17
100 _aSalmon, Charles G.
_eAUT
245 0 _aSteel structures :
_bdesign and behavior
260 _c2009
300 _axvii, 866 páginas :
_c26 cm.
650 _a0
654 _aCIC
942 _cLIB
_dJUS
_fJUS
_2ddc
_n
999 _c23058
_d23058